ბათუმის შოთა რუსთაველის სახელმწიფო უნივერსიტეტის ბიბლიოთეკა

ფიზიკური ქიმიის შესავალი. წიგნი II : / (ბიბ.ჩანაწერი № 37528)

000 -ლიდერი
ფიქსირებული სიგრძის საკონტროლო ველი 01240nam a2200253Ia 4500
001 - საკონტროლო ნომერი
საკონტროლო ველი 3492
003 - საკონტროლო ნომრის იდენტიფიკატორი
საკონტროლო ველი GE_BSU
005 - ბოლო ოპერაციის თარიღი და დრო
საკონტროლო ველი 20190528192323.0
008 - ფიქსირებული სიგრძის მონაცემთა ელემენტები - ზოგადი ინფორმაცია
ფიქსირებული სიგრძის საკონტროლო ველი 181216s1954|||| |||||||||||||| ||geo||
040 ## - კატალოგიზაციის წყარო
Transcribing agency GE_BSU
041 ## - ენის კოდი
Language code of text/sound track or separate title geo
080 ## - უნივერსალური ათობითი კლასიფიკაციის ინდექსი
Universal Decimal Classification number 544 რ-19
100 ## - მთავარი ჩანაწერი - პიროვნების სახელი
Personal name რაკოვსკი, ა.
9 (RLIN) 1772
245 ## - ცნობა სათაურის შესახებ
Title ფიზიკური ქიმიის შესავალი. წიგნი II : /
Statement of responsibility, etc ა.რაკოვსკი ; რედ : ბ.კოკოჩაშვილი ; შ.შარაშენიძე ; მთარგმ. ე. წულაძე ; ქ. ედიგაროვა.
264 ## - წარმოების, გამოცემის, დისტრიბუციის და სხვა ცნობები
გამოცემის, წარმოების, დისტრიბუციის... ადგილი თბილისი :
გამოცემის, წარმოების, დისტრიბუციის... სახელწოდება სტალინის სახ.უნ-ტის გამ-ბა,
გამოცემის, წარმოების, დისტრიბუციის... თარიღი 1954.
300 ## - ფიზიკური აღწერა
Extent 386 გვ .:
Other physical details ცხრ ;
Dimensions 26 სმ.
653 ## - INDEX TERM--UNCONTROLLED
Uncontrolled term ფიზიკური ქიმია
653 ## - INDEX TERM--UNCONTROLLED
Uncontrolled term ქიმია
700 ## - ADDED ENTRY--PERSONAL NAME
Personal name კოკოჩაშვილი, ბ
Relator term რედაქტორი
9 (RLIN) 1773
700 ## - ADDED ENTRY--PERSONAL NAME
Personal name შარაშენიძე, შ
Dates associated with a name რედაქტორი
9 (RLIN) 1774
700 ## - ADDED ENTRY--PERSONAL NAME
Personal name წულაძე, ე
Relator term მთარგმნელი
9 (RLIN) 1775
700 ## - ADDED ENTRY--PERSONAL NAME
Personal name ედიგაროვა, ქ
Relator term მთარგმნელი
9 (RLIN) 1776
942 ## - ADDED ENTRY ELEMENTS (KOHA)
Koha item type წიგნი
Source of classification or shelving scheme
ეგზემპლარები
ჩამოწერის სტატუსი დაკარგული ეგზემპლარის სტატუსი კლასიფიკაციის წყარო ან თაროზე გაწყობის სქემა დაზიანების სტატუსი არ გაიცემა მუდმივი მდებარეობა (დაცვის ადგილი) ამჟამინდელი ადგილსამყოფელი თაროზე განთავსების ადგილი შეძენის თარიღი ღირებულება, შესყიდვის ნორმალური ფასი სრული შენახვის შიფრი შტრიხკოდი ბოლო ოპერაციის თარიღი ეგზემპლარის მიმდევრობითი ნომერი (კეტერი?) ფასის ძალაში შესვლის თარიღი ეგზემპლარის სახეობა საჯარო შენიშვნა
          ტექნოლოგიური ფაკულტეტის ბიბლიოთეკა ტექნოლოგიური ფაკულტეტის ბიბლიოთეკა წიგნსაცავი 2018-12-17 0.26 544 რ-19 9688 2018-12-17 9688 2018-12-17 წიგნი 0.26 თ.